| 000 | 00544nam a2200169Ia 4500 | ||
|---|---|---|---|
| 003 | SGT | ||
| 020 | _a8174092137 | ||
| 082 |
_a621.815 _bBHA |
||
| 100 | _aBhatt,N.D | ||
| 245 | _aMachine drawing | ||
| 260 |
_bCharotar Publishing House Pvt. Ltd. _aGujarat _c2010 |
||
| 300 | _a350p. | ||
| 650 | _aELECTRONICS ENGINEERING | ||
| 653 | _aPRINCIPLES OF SATELLITE COMMUNICATION,SATELLITE ORBIT INCLINATION,COMMUNICATION SATELLITE LINK DESIGN ,SATELLITE ANALOG COMMUNICATION,MULTIPLE ACCESS TECHNIQUES | ||
| 700 | _aPanchal,V.M | ||
| 942 |
_2ddc _cBK _01 |
||
| 999 |
_c5152 _d5152 |
||